[Event "DEM U10w 2021"]
[Site "Willingen GER"]
[Date "2021.08.27"]
[Round "8"]
[White "Rößler, Helena"]
[Black "Dominick, Johanna"]
[Result "1-0"]
[Termination "normal"]
[Board "9"]
[WhiteElo "1123"]
[BlackElo "936"]
[WhiteClock "00:23:01"]
[BlackClock "01:33:09"]
[PlyCount "139"]
[WhiteFideId "16266692"]
[BlackFideId "16296532"]
[EventCountry "GER"]
[EventRounds "11"]
[EventType "swiss"]
[EventDate "2021.08.22"]

1. e4 {[%clk 01:15:57]} {[%emt 00:00:02]} d5 {[%clk 01:15:57]} {[%emt
00:00:04]} 2. exd5 {[%clk 01:16:16]} {[%emt 00:00:10]} Qxd5 {[%clk 01:16:22]}
{[%emt 00:00:05]} 3. Nc3 {[%clk 01:16:32]} {[%emt 00:00:14]} Qa5 {[%clk
01:16:45]} {[%emt 00:00:07]} 4. d4 {[%clk 01:16:48]} {[%emt 00:00:14]} c6
{[%clk 01:17:05]} {[%emt 00:00:10]} 5. Bc4 {[%clk 01:17:03]} {[%emt 00:00:15]}
Bf5 {[%clk 01:17:25]} {[%emt 00:00:08]} 6. Bd2 {[%clk 01:17:22]} {[%emt
00:00:13]} Qc7 {[%clk 01:17:32]} {[%emt 00:00:22]} 7. Nf3 {[%clk 01:17:36]}
{[%emt 00:00:17]} e6 {[%clk 01:17:48]} {[%emt 00:00:15]} 8. Qe2 {[%clk
01:17:30]} {[%emt 00:00:35]} Be7 {[%clk 01:17:57]} {[%emt 00:00:15]} 9. O-O-O
{[%clk 01:17:07]} {[%emt 00:01:00]} Nf6 {[%clk 01:18:16]} {[%emt 00:00:11]} 10.
Nh4 {[%clk 01:16:43]} {[%emt 00:00:49]} b5 {[%clk 01:17:26]} {[%emt 00:01:25]}
11. Bb3 {[%clk 01:16:37]} {[%emt 00:00:34]} a5 {[%clk 01:17:05]} {[%emt
00:00:53]} 12. Nxf5 {[%clk 01:10:35]} {[%emt 00:06:31]} exf5 {[%clk 01:17:27]}
{[%emt 00:00:09]} 13. Bg5 {[%clk 01:04:24]} {[%emt 00:06:40]} a4 {[%clk
01:17:28]} {[%emt 00:00:29]} 14. d5 {[%clk 01:04:19]} {[%emt 00:00:36]} O-O
{[%clk 01:17:20]} {[%emt 00:00:38]} 15. Rhe1 {[%clk 00:56:52]} {[%emt
00:07:55]} Re8 {[%clk 01:17:33]} {[%emt 00:00:18]} 16. d6 {[%clk 00:55:47]}
{[%emt 00:01:35]} Qa7 {[%clk 01:16:45]} {[%emt 00:01:17]} 17. dxe7 {[%clk
00:54:35]} {[%emt 00:01:44]} axb3 {[%clk 01:17:04]} {[%emt 00:00:11]} 18. axb3
{[%clk 00:52:29]} {[%emt 00:02:35]} Qa1+ {[%clk 01:15:33]} {[%emt 00:01:56]}
19. Nb1 {[%clk 00:51:32]} {[%emt 00:01:32]} Ra2 {[%clk 01:15:00]} {[%emt
00:00:57]} 20. Bxf6 {[%clk 00:42:59]} {[%emt 00:09:09]} gxf6 {[%emt 00:00:19]}
21. c3 {[%clk 00:34:07]} {[%emt 00:09:11]} Rxe7 {[%clk 01:12:33]} {[%emt
00:03:19]} 22. Qc2 {[%clk 00:33:05]} {[%emt 00:01:25]} Rxe1 {[%clk 01:12:51]}
{[%emt 00:00:20]} 23. Rxe1 {[%clk 00:33:17]} {[%emt 00:00:17]} Nd7 {[%clk
01:13:03]} {[%emt 00:00:17]} 24. Re8+ {[%clk 00:33:01]} {[%emt 00:00:46]} Kg7
{[%clk 01:13:25]} {[%emt 00:00:08]} 25. Rc8 {[%clk 00:31:12]} {[%emt 00:02:20]}
Ne5 {[%clk 01:13:20]} {[%emt 00:00:35]} 26. Rc7 {[%clk 00:26:19]} {[%emt
00:05:22]} Nd3+ {[%clk 01:13:26]} {[%emt 00:00:26]} 27. Kd1 {[%clk 00:24:29]}
{[%emt 00:02:14]} Nxf2+ {[%clk 01:13:43]} {[%emt 00:00:18]} 28. Ke1 {[%clk
00:21:13]} {[%emt 00:03:20]} Qxb2 {[%clk 01:13:26]} {[%emt 00:01:12]} 29. Qxb2
{[%clk 00:17:00]} {[%emt 00:04:44]} Rxb2 {[%clk 01:13:49]} {[%emt 00:00:07]}
30. Nd2 {[%clk 00:14:52]} {[%emt 00:02:38]} Nd3+ {[%clk 01:14:04]} {[%emt
00:00:11]} 31. Kd1 {[%clk 00:14:25]} {[%emt 00:00:43]} Nf2+ {[%clk 01:14:14]}
{[%emt 00:00:38]} 32. Ke1 {[%clk 00:13:53]} {[%emt 00:01:03]} Nd3+ {[%clk
01:14:33]} {[%emt 00:00:11]} 33. Kd1 {[%clk 00:14:15]} {[%emt 00:00:07]} Nf2+
{[%clk 01:14:52]} {[%emt 00:00:12]} 34. Ke1 {[%clk 00:14:34]} {[%emt 00:00:09]}
Nd3+ {[%clk 01:13:34]} {[%emt 00:01:49]} 35. Kd1 {[%clk 00:14:54]} {[%emt
00:00:10]} b4 {[%clk 01:13:29]} {[%emt 00:00:36]} 36. cxb4 {[%clk 00:14:27]}
{[%emt 00:00:57]} Nxb4 {[%emt 00:00:07]} 37. Kc1 {[%emt 00:00:58]} Nd3+ {[%clk
01:11:58]} {[%emt 00:00:55]} 38. Kd1 {[%clk 00:14:41]} {[%emt 00:00:12]} Ra2
{[%clk 01:11:44]} {[%emt 00:00:47]} 39. Rxc6 {[%clk 00:13:22]} {[%emt
00:01:51]} Nb4 {[%clk 01:11:43]} {[%emt 00:00:28]} 40. Rc5 {[%clk 00:11:55]}
{[%emt 00:01:56]} Ra1+ {[%clk 01:11:19]} {[%emt 00:00:58]} 41. Ke2 {[%clk
00:11:47]} {[%emt 00:00:37]} Kg6 {[%clk 01:11:17]} {[%emt 00:00:30]} 42. Rb5
{[%clk 00:08:56]} {[%emt 00:03:22]} Nc2 {[%clk 01:11:32]} {[%emt 00:00:12]} 43.
Kd3 {[%clk 00:05:58]} {[%emt 00:03:27]} Na3 {[%clk 01:11:33]} {[%emt 00:00:30]}
44. Rb8 {[%clk 00:02:06]} {[%emt 00:04:22]} Kg5 {[%clk 01:11:20]} {[%emt
00:00:47]} 45. b4 {[%clk 00:15:14]} {[%emt 00:02:23]} Nb1 {[%clk 01:26:40]}
{[%emt 00:00:08]} 46. Nxb1 {[%clk 00:15:22]} {[%emt 00:00:22]} Rxb1 {[%clk
01:27:01]} {[%emt 00:00:10]} 47. b5 {[%clk 00:15:44]} {[%emt 00:00:08]} Rb3+
{[%clk 01:27:23]} {[%emt 00:00:07]} 48. Kc4 {[%clk 00:16:04]} {[%emt 00:00:11]}
Rb2 {[%clk 01:27:39]} {[%emt 00:00:14]} 49. b6 {[%clk 00:16:28]} {[%emt
00:00:07]} Rxg2 {[%clk 01:27:38]} {[%emt 00:00:30]} 50. b7 {[%clk 00:16:50]}
{[%emt 00:00:08]} Rb2 {[%clk 01:27:51]} {[%emt 00:00:14]} 51. Rg8+ {[%emt
00:00:24]} Kh6 {[%clk 01:28:08]} 52. b8=Q {[%clk 00:17:28]} {[%emt 00:00:09]}
Rxb8 {[%emt 00:00:09]} 53. Rxb8 {[%clk 00:17:50]} {[%emt 00:00:07]} f4 {[%clk
01:28:55]} {[%emt 00:00:08]} 54. Rb1 {[%clk 00:18:15]} {[%emt 00:00:06]} Kh5
{[%clk 01:29:04]} {[%emt 00:00:21]} 55. Rf1 {[%clk 00:18:38]} {[%emt 00:00:07]}
Kg4 {[%clk 01:29:24]} {[%emt 00:00:09]} 56. Kd3 {[%clk 00:18:59]} {[%emt
00:00:09]} f5 {[%clk 01:29:45]} {[%emt 00:00:09]} 57. Ke2 {[%clk 00:19:23]}
{[%emt 00:00:07]} h5 {[%clk 01:29:58]} {[%emt 00:00:17]} 58. Rg1+ {[%clk
00:19:43]} {[%emt 00:00:11]} Kh4 {[%clk 01:30:15]} {[%emt 00:00:12]} 59. Kf3
{[%clk 00:20:02]} {[%emt 00:00:11]} Kh3 {[%clk 01:30:35]} {[%emt 00:00:10]} 60.
Kxf4 {[%clk 00:20:13]} {[%emt 00:00:19]} Kxh2 {[%clk 01:30:55]} {[%emt
00:00:09]} 61. Rf1 {[%clk 00:20:18]} {[%emt 00:01:51]} Kg2 {[%clk 01:31:08]}
{[%emt 00:00:13]} 62. Rd1 {[%clk 00:20:40]} {[%emt 00:00:13]} h4 {[%clk
01:31:29]} {[%emt 00:00:08]} 63. Rd2+ {[%clk 00:20:59]} {[%emt 00:00:14]} Kg1
{[%clk 01:31:47]} {[%emt 00:00:09]} 64. Kf3 {[%clk 00:21:02]} {[%emt 00:00:26]}
h3 {[%clk 01:32:09]} {[%emt 00:00:08]} 65. Kg3 {[%clk 00:21:11]} {[%emt
00:00:19]} f4+ {[%clk 01:32:04]} {[%emt 00:00:37]} 66. Kxh3 {[%clk 00:21:32]}
{[%emt 00:00:09]} f3 {[%clk 01:32:28]} {[%emt 00:00:07]} 67. Kg3 {[%clk
00:21:52]} {[%emt 00:00:10]} f2 {[%clk 01:32:48]} {[%emt 00:00:10]} 68. Rxf2
{[%clk 00:22:13]} {[%emt 00:00:08]} f6 {[%clk 01:33:10]} {[%emt 00:00:09]} 69.
Rxf6 {[%clk 00:22:35]} {[%emt 00:00:08]} Kh1 {[%clk 01:33:09]} {[%emt
00:00:31]} 70. Rf1# {[%clk 00:23:01]} {[%emt 00:00:04]} 1-0

[Event "DEM U10w 2021"]
[Site "Willingen GER"]
[Date "2021.08.27"]
[Round "8"]
[White "Ramakrishnan, Veda"]
[Black "Amrhein, Yana"]
[Result "1-0"]
[Termination "normal"]
[Board "10"]
[WhiteElo "1009"]
[BlackElo "735"]
[WhiteClock "01:09:04"]
[BlackClock "01:12:26"]
[PlyCount "39"]
[WhiteFideId "16269519"]
[BlackFideId "34638253"]
[EventCountry "GER"]
[EventRounds "11"]
[EventType "swiss"]
[EventDate "2021.08.22"]

1. e4 {[%clk 01:15:59]} {[%emt 19:02:57]} d6 {[%clk 01:15:52]} {[%emt
00:00:08]} 2. d4 {[%clk 01:16:23]} {[%emt 00:00:07]} Nf6 {[%clk 01:16:15]}
{[%emt 00:00:06]} 3. Nc3 {[%clk 01:16:43]} {[%emt 00:00:10]} g6 {[%clk
01:16:34]} {[%emt 00:00:12]} 4. Bg5 {[%clk 01:17:04]} {[%emt 00:00:09]} Bg7
{[%clk 01:16:38]} {[%emt 00:00:24]} 5. e5 {[%clk 01:17:16]} {[%emt 00:00:19]}
dxe5 {[%clk 01:16:57]} {[%emt 00:00:12]} 6. dxe5 {[%clk 01:17:10]} {[%emt
00:00:36]} Qxd1+ {[%clk 01:17:07]} {[%emt 00:00:19]} 7. Rxd1 {[%clk 01:17:30]}
{[%emt 00:00:10]} Nfd7 {[%clk 01:16:27]} {[%emt 00:01:10]} 8. Nd5 {[%clk
01:17:30]} {[%emt 00:00:30]} Kd8 {[%clk 01:14:09]} {[%emt 00:02:47]} 9. Bxe7+
{[%clk 01:17:26]} {[%emt 00:00:36]} Ke8 {[%clk 01:14:20]} {[%emt 00:00:19]} 10.
Nxc7+ {[%clk 01:17:48]} {[%emt 00:00:08]} Kxe7 {[%clk 01:14:39]} {[%emt
00:00:11]} 11. Nxa8 {[%clk 01:18:08]} {[%emt 00:00:10]} Kd8 {[%clk 01:14:38]}
{[%emt 00:00:26]} 12. Nf3 {[%clk 01:17:36]} {[%emt 00:01:06]} Nc6 {[%clk
01:14:35]} {[%emt 00:00:33]} 13. Ng5 {[%clk 01:14:18]} {[%emt 00:03:48]} Ke7
{[%clk 01:14:38]} {[%emt 00:00:25]} 14. f4 {[%clk 01:12:15]} {[%emt 00:02:36]}
Nc5 {[%clk 01:14:15]} {[%emt 00:00:52]} 15. Nc7 {[%clk 01:11:33]} {[%emt
00:01:14]} f6 {[%clk 01:13:53]} {[%emt 00:00:51]} 16. Nd5+ {[%emt 00:02:25]}
Kf8 {[%clk 01:12:47]} {[%emt 00:00:07]} 17. exf6 {[%clk 01:10:47]} {[%emt
00:00:50]} Bh6 {[%clk 01:12:15]} {[%emt 00:01:02]} 18. Bb5 {[%clk 01:09:36]}
{[%emt 00:01:41]} Nb4 {[%clk 01:12:20]} {[%emt 00:00:25]} 19. Nxb4 {[%clk
01:09:38]} {[%emt 00:00:28]} Bxg5 {[%clk 01:12:26]} {[%emt 00:00:24]} 20. Rd8+
{[%clk 01:09:04]} {[%emt 00:01:03]} 1-0

[Event "DEM U10w 2021"]
[Site "Willingen GER"]
[Date "2021.08.27"]
[Round "8"]
[White "Heidtkamp, Anna"]
[Black "Kühne, Malin"]
[Result "1-0"]
[Termination "normal"]
[Board "11"]
[WhiteElo "1132"]
[BlackElo "938"]
[WhiteClock "00:12:16"]
[BlackClock "00:23:47"]
[PlyCount "115"]
[WhiteFideId "16269012"]
[BlackFideId "34619747"]
[EventCountry "GER"]
[EventRounds "11"]
[EventType "swiss"]
[EventDate "2021.08.22"]

1. e4 {[%clk 01:15:58]} {[%emt 00:00:01]} e5 {[%clk 01:15:52]} {[%emt
00:00:09]} 2. Nf3 {[%clk 01:16:25]} {[%emt 00:00:02]} Nc6 {[%clk 01:16:13]}
{[%emt 00:00:10]} 3. Bc4 {[%clk 01:16:52]} {[%emt 00:00:03]} Bc5 {[%clk
01:16:29]} {[%emt 00:00:14]} 4. c3 {[%clk 01:17:12]} {[%emt 00:00:09]} Nf6
{[%clk 01:16:48]} {[%emt 00:00:11]} 5. d4 {[%clk 01:17:38]} {[%emt 00:00:05]}
exd4 {[%clk 01:17:09]} {[%emt 00:00:09]} 6. cxd4 {[%clk 01:17:59]} {[%emt
00:00:08]} Bb4+ {[%clk 01:17:26]} {[%emt 00:00:13]} 7. Bd2 {[%clk 01:18:24]}
{[%emt 00:00:05]} Bxd2+ {[%clk 01:17:27]} {[%emt 00:00:30]} 8. Nbxd2 {[%clk
01:18:48]} {[%emt 00:00:06]} d5 {[%clk 01:17:31]} {[%emt 00:00:26]} 9. exd5
{[%clk 01:19:10]} {[%emt 00:00:07]} Nxd5 {[%clk 01:17:51]} {[%emt 00:00:11]}
10. O-O {[%clk 01:19:23]} {[%emt 00:00:16]} O-O {[%clk 01:18:16]} {[%emt
00:00:05]} 11. Re1 {[%clk 01:19:07]} {[%emt 00:00:46]} Bf5 {[%clk 01:16:03]}
{[%emt 00:02:44]} 12. Nb3 {[%clk 01:10:01]} {[%emt 00:09:32]} Nb6 {[%clk
01:14:02]} {[%emt 00:02:19]} 13. Bb5 {[%clk 01:01:24]} {[%emt 00:09:23]} Bd7
{[%clk 01:06:17]} {[%emt 00:08:11]} 14. Nc5 {[%clk 00:54:51]} {[%emt 00:07:07]}
Rb8 {[%clk 01:00:46]} {[%emt 00:06:00]} 15. Rc1 {[%clk 00:47:38]} {[%emt
00:07:41]} Ne7 {[%clk 00:56:31]} {[%emt 00:04:47]} 16. Bxd7 {[%clk 00:44:36]}
{[%emt 00:03:33]} Nxd7 {[%clk 00:55:17]} {[%emt 00:01:44]} 17. h3 {[%clk
00:38:04]} {[%emt 00:07:01]} g6 {[%clk 00:48:47]} {[%emt 00:06:59]} 18. Qe2
{[%clk 00:34:49]} {[%emt 00:03:44]} Re8 {[%clk 00:46:48]} {[%emt 00:02:31]} 19.
Rcd1 {[%clk 00:29:00]} {[%emt 00:06:19]} a6 {[%clk 00:37:44]} {[%emt 00:09:32]}
20. Qc2 {[%clk 00:23:31]} {[%emt 00:06:00]} c6 {[%clk 00:34:41]} {[%emt
00:03:32]} 21. Qb3 {[%clk 00:19:42]} {[%emt 00:04:21]} Nxc5 {[%clk 00:25:07]}
{[%emt 00:10:04]} 22. dxc5 {[%clk 00:19:57]} {[%emt 00:00:15]} Qa5 {[%clk
00:19:34]} {[%emt 00:06:03]} 23. Rd7 {[%clk 00:17:37]} {[%emt 00:02:50]} Qxc5
{[%clk 00:15:18]} {[%emt 00:04:46]} 24. Rxb7 {[%clk 00:16:15]} {[%emt
00:01:51]} Rxb7 {[%clk 00:15:00]} {[%emt 00:00:49]} 25. Qxb7 {[%clk 00:16:33]}
{[%emt 00:00:13]} a5 {[%clk 00:15:15]} {[%emt 00:00:15]} 26. a3 {[%clk
00:13:14]} {[%emt 00:03:49]} Qd6 {[%clk 00:13:55]} {[%emt 00:01:50]} 27. Qb6
{[%clk 00:10:59]} {[%emt 00:02:43]} Qd5 {[%clk 00:13:30]} {[%emt 00:00:57]} 28.
Qd4 {[%clk 00:10:27]} {[%emt 00:00:59]} Qxd4 {[%clk 00:13:39]} {[%emt
00:00:24]} 29. Nxd4 {[%clk 00:10:55]} {[%emt 00:00:02]} c5 {[%clk 00:13:53]}
{[%emt 00:00:16]} 30. Nc6 {[%clk 00:10:49]} {[%emt 00:00:36]} Kf8 {[%clk
00:13:23]} {[%emt 00:01:00]} 31. Nxa5 {[%clk 00:10:40]} {[%emt 00:00:39]} Rb8
{[%clk 00:13:08]} {[%emt 00:00:44]} 32. Nc4 {[%clk 00:10:30]} {[%emt 00:00:41]}
Nd5 {[%clk 00:12:53]} {[%emt 00:00:45]} 33. Rb1 {[%clk 00:09:19]} {[%emt
00:01:40]} Nf4 {[%clk 00:12:20]} {[%emt 00:01:03]} 34. Kf1 {[%clk 00:07:58]}
{[%emt 00:01:51]} Ke7 {[%clk 00:11:29]} {[%emt 00:01:22]} 35. h4 {[%clk
00:07:22]} {[%emt 00:01:05]} Ke6 {[%clk 00:11:36]} {[%emt 00:00:23]} 36. g3
{[%clk 00:06:31]} {[%emt 00:01:22]} Nh5 {[%clk 00:11:37]} {[%emt 00:00:29]} 37.
Ke2 {[%clk 00:06:19]} {[%emt 00:00:41]} Kd5 {[%clk 00:11:57]} {[%emt 00:00:10]}
38. Kd3 {[%clk 00:06:32]} {[%emt 00:00:17]} Nf6 {[%clk 00:12:12]} {[%emt
00:00:15]} 39. f3 {[%clk 00:06:24]} {[%emt 00:00:39]} h6 {[%clk 00:12:19]}
{[%emt 00:00:22]} 40. a4 {[%clk 00:05:36]} {[%emt 00:01:18]} Rb4 {[%clk
00:12:30]} {[%emt 00:00:19]} 41. Rc1 {[%clk 00:04:54]} {[%emt 00:01:11]} Nd7
{[%clk 00:12:29]} {[%emt 00:00:32]} 42. a5 {[%clk 00:03:57]} {[%emt 00:01:28]}
Ra4 {[%clk 00:12:36]} {[%emt 00:00:22]} 43. b3 {[%clk 00:03:29]} {[%emt
00:00:57]} Ra2 {[%clk 00:10:18]} {[%emt 00:02:47]} 44. Rc2 {[%clk 00:14:51]}
{[%emt 00:04:10]} Ra1 {[%clk 00:25:16]} {[%emt 00:00:32]} 45. Kc3 {[%clk
00:11:00]} {[%emt 00:04:21]} Nb8 {[%clk 00:25:09]} {[%emt 00:00:37]} 46. Kb2
{[%clk 00:10:36]} {[%emt 00:00:54]} Rf1 {[%emt 00:00:47]} 47. Ne3+ {[%emt
00:00:06]} Kd4 {[%clk 00:24:25]} {[%emt 00:00:21]} 48. Nxf1 {[%clk 00:10:57]}
{[%emt 00:00:09]} Na6 {[%clk 00:24:43]} {[%emt 00:00:12]} 49. Rd2+ {[%clk
00:10:33]} {[%emt 00:00:53]} Ke5 {[%clk 00:24:48]} {[%emt 00:00:26]} 50. Kc3
{[%clk 00:10:45]} {[%emt 00:00:18]} g5 {[%clk 00:24:30]} {[%emt 00:00:48]} 51.
hxg5 {[%clk 00:11:07]} {[%emt 00:00:07]} hxg5 {[%clk 00:24:52]} {[%emt
00:00:09]} 52. Kc4 {[%clk 00:11:25]} {[%emt 00:00:13]} Ke6 {[%clk 00:23:23]}
{[%emt 00:01:59]} 53. Kb5 {[%clk 00:11:26]} {[%emt 00:00:28]} Nc7+ {[%clk
00:23:32]} {[%emt 00:00:20]} 54. Kb6 {[%clk 00:11:45]} {[%emt 00:00:13]} Nd5+
{[%clk 00:22:59]} {[%emt 00:01:02]} 55. Rxd5 {[%clk 00:11:23]} {[%emt
00:00:52]} Kxd5 {[%clk 00:23:14]} {[%emt 00:00:15]} 56. a6 {[%clk 00:11:47]}
{[%emt 00:00:07]} Kd6 {[%clk 00:23:32]} {[%emt 00:00:12]} 57. a7 {[%clk
00:11:57]} {[%emt 00:00:20]} Kd7 {[%clk 00:23:47]} {[%emt 00:00:14]} 58. a8=Q
{[%clk 00:12:16]} {[%emt 00:00:12]} 1-0

[Event "DEM U10w 2021"]
[Site "Willingen GER"]
[Date "2021.08.27"]
[Round "8"]
[White "Glotz, Katharina"]
[Black "Tu, Audrey"]
[Result "0-1"]
[Termination "normal"]
[Board "13"]
[WhiteElo "1081"]
[BlackElo "913"]
[WhiteClock "00:44:27"]
[BlackClock "00:14:23"]
[PlyCount "116"]
[WhiteFideId "34631011"]
[BlackFideId "34628568"]
[EventCountry "GER"]
[EventRounds "11"]
[EventType "swiss"]
[EventDate "2021.08.22"]

1. e4 {[%clk 01:15:58]} {[%emt 00:00:03]} e5 {[%clk 01:15:51]} {[%emt
00:00:09]} 2. Nf3 {[%clk 01:16:17]} {[%emt 00:00:10]} Nc6 {[%clk 01:16:16]}
{[%emt 00:00:05]} 3. Bc4 {[%clk 01:16:31]} {[%emt 00:00:16]} Bc5 {[%clk
01:16:39]} {[%emt 00:00:09]} 4. b4 {[%clk 01:16:32]} {[%emt 00:00:27]} Bxb4
{[%clk 01:16:54]} {[%emt 00:00:16]} 5. c3 {[%clk 01:16:44]} {[%emt 00:00:17]}
Be7 {[%clk 01:16:56]} {[%emt 00:00:28]} 6. d4 {[%clk 01:16:31]} {[%emt
00:00:44]} Na5 {[%clk 01:15:53]} {[%emt 00:01:34]} 7. Bb3 {[%clk 01:16:24]}
{[%emt 00:00:34]} Nxb3 {[%clk 01:15:33]} {[%emt 00:00:52]} 8. axb3 {[%clk
01:16:38]} {[%emt 00:00:14]} exd4 {[%clk 01:12:25]} {[%emt 00:03:38]} 9. cxd4
{[%clk 01:16:42]} {[%emt 00:00:25]} d5 {[%clk 01:12:38]} {[%emt 00:00:19]} 10.
exd5 {[%clk 01:12:05]} {[%emt 00:05:06]} Qxd5 {[%clk 01:11:23]} {[%emt
00:02:29]} 11. Nc3 {[%clk 01:12:23]} {[%emt 00:00:28]} Qd8 {[%clk 01:10:45]}
{[%emt 00:01:09]} 12. O-O {[%clk 01:12:32]} {[%emt 00:00:20]} Nf6 {[%clk
01:10:15]} {[%emt 00:01:01]} 13. Bf4 {[%clk 01:11:48]} {[%emt 00:01:12]} O-O
{[%clk 01:06:57]} {[%emt 00:03:49]} 14. Nb5 {[%clk 01:11:23]} {[%emt 00:00:54]}
Bd6 {[%clk 01:03:53]} {[%emt 00:03:34]} 15. Bxd6 {[%clk 01:10:03]} {[%emt
00:01:50]} cxd6 {[%clk 01:03:31]} {[%emt 00:00:53]} 16. Nxa7 {[%clk 01:09:03]}
{[%emt 00:01:30]} Bg4 {[%clk 01:02:11]} {[%emt 00:01:50]} 17. h3 {[%clk
01:08:35]} {[%emt 00:00:57]} Bh5 {[%clk 01:02:14]} {[%emt 00:00:28]} 18. Qd3
{[%clk 01:08:36]} {[%emt 00:00:27]} Qb6 {[%clk 00:57:20]} {[%emt 00:05:26]} 19.
Nd2 {[%clk 01:03:16]} {[%emt 00:05:48]} Rxa7 {[%clk 00:52:34]} {[%emt
00:05:17]} 20. Nc4 {[%clk 01:03:09]} {[%emt 00:00:38]} Bg6 {[%clk 00:47:54]}
{[%emt 00:05:09]} 21. Qc3 {[%clk 01:01:31]} {[%emt 00:02:07]} Qc6 {[%clk
00:40:04]} {[%emt 00:08:22]} 22. Rxa7 {[%clk 00:58:09]} {[%emt 00:03:52]} Nh5
{[%clk 00:37:15]} {[%emt 00:03:18]} 23. Qc1 {[%clk 00:57:15]} {[%emt 00:01:23]}
Be4 {[%clk 00:31:30]} {[%emt 00:06:17]} 24. Ne3 {[%clk 00:54:12]} {[%emt
00:03:31]} Nf4 {[%clk 00:29:40]} {[%emt 00:02:24]} 25. Nf5 {[%clk 00:53:04]}
{[%emt 00:01:35]} Ne2+ {[%clk 00:29:32]} {[%emt 00:00:39]} 26. Kh2 {[%clk
00:52:22]} {[%emt 00:01:12]} Qxc1 {[%clk 00:27:09]} {[%emt 00:02:54]} 27. Ne7+
{[%clk 00:51:54]} {[%emt 00:00:58]} Kh8 {[%clk 00:27:06]} {[%emt 00:00:33]} 28.
Rxc1 {[%clk 00:52:13]} {[%emt 00:00:10]} Nxc1 {[%clk 00:27:13]} {[%emt
00:00:24]} 29. d5 {[%clk 00:51:20]} {[%emt 00:01:22]} Re8 {[%clk 00:23:49]}
{[%emt 00:03:55]} 30. Rxb7 {[%clk 00:51:01]} {[%emt 00:00:50]} h6 {[%clk
00:22:27]} {[%emt 00:01:52]} 31. f3 {[%clk 00:50:55]} {[%emt 00:00:35]} Bc2
{[%clk 00:20:50]} {[%emt 00:02:07]} 32. b4 {[%clk 00:50:39]} {[%emt 00:00:46]}
Ba4 {[%clk 00:18:08]} {[%emt 00:03:12]} 33. Nf5 {[%clk 00:48:56]} {[%emt
00:02:12]} Rd8 {[%clk 00:16:41]} {[%emt 00:01:58]} 34. Rb6 {[%clk 00:48:48]}
{[%emt 00:00:37]} Kg8 {[%clk 00:14:39]} {[%emt 00:02:34]} 35. Nxd6 {[%clk
00:48:31]} {[%emt 00:00:47]} Nd3 {[%clk 00:13:25]} {[%emt 00:01:43]} 36. Nb7
{[%clk 00:47:19]} {[%emt 00:01:42]} Rxd5 {[%clk 00:12:41]} {[%emt 00:01:14]}
37. Nd6 {[%clk 00:46:02]} {[%emt 00:01:45]} Kf8 {[%clk 00:11:45]} {[%emt
00:01:29]} 38. Ne4 {[%clk 00:45:07]} {[%emt 00:01:23]} Rb5 {[%clk 00:09:52]}
{[%emt 00:02:25]} 39. Rxb5 {[%clk 00:45:11]} {[%emt 00:00:26]} Bxb5 {[%clk
00:10:06]} {[%emt 00:00:16]} 40. Nd6 {[%clk 00:44:45]} {[%emt 00:00:54]} Bd7
{[%clk 00:09:23]} {[%emt 00:01:14]} 41. g4 {[%clk 00:42:45]} {[%emt 00:02:29]}
Nxb4 {[%clk 00:08:46]} {[%emt 00:01:09]} 42. Kg3 {[%clk 00:42:04]} {[%emt
00:01:09]} Nd5 {[%clk 00:08:24]} {[%emt 00:00:53]} 43. f4 {[%clk 00:41:12]}
{[%emt 00:01:22]} Ke7 {[%clk 00:08:14]} {[%emt 00:00:40]} 44. Nc4 {[%clk
00:40:04]} {[%emt 00:01:36]} g6 {[%clk 00:06:28]} {[%emt 00:02:18]} 45. g5
{[%clk 00:40:03]} {[%emt 00:00:29]} h5 {[%clk 00:05:40]} {[%emt 00:01:20]} 46.
h4 {[%clk 00:39:44]} {[%emt 00:00:47]} f6 {[%clk 00:02:55]} {[%emt 00:03:18]}
47. Kf3 {[%clk 00:38:30]} {[%emt 00:01:42]} fxg5 {[%clk 00:01:42]} {[%emt
00:01:43]} 48. fxg5 {[%clk 00:38:43]} {[%emt 00:00:16]} Ke6 {[%clk 00:01:25]}
{[%emt 00:00:48]} 49. Ke4 {[%clk 00:38:39]} {[%emt 00:00:32]} Bb5 {[%clk
00:00:46]} {[%emt 00:01:10]} 50. Ne5 {[%clk 00:38:09]} {[%emt 00:01:00]} Ne7
{[%clk 00:14:52]} {[%emt 00:01:26]} 51. Nf3 {[%clk 00:53:06]} {[%emt 00:00:29]}
Bc6+ {[%clk 00:14:58]} {[%emt 00:00:27]} 52. Ke3 {[%clk 00:52:46]} {[%emt
00:00:49]} Kf5 {[%clk 00:14:59]} {[%emt 00:00:31]} 53. Nh2 {[%clk 00:51:50]}
{[%emt 00:01:24]} Nd5+ {[%clk 00:14:38]} {[%emt 00:00:52]} 54. Kf2 {[%clk
00:51:09]} {[%emt 00:01:09]} Kf4 {[%clk 00:14:26]} {[%emt 00:00:44]} 55. Kg2
{[%clk 00:49:47]} {[%emt 00:01:49]} Ne3+ {[%clk 00:14:23]} {[%emt 00:00:36]}
56. Kg1 {[%clk 00:46:11]} {[%emt 00:04:05]} Kg3 {[%clk 00:13:50]} {[%emt
00:01:02]} 57. Nf1+ {[%clk 00:44:13]} {[%emt 00:02:28]} Nxf1 {[%clk 00:14:07]}
{[%emt 00:00:16]} 58. Kxf1 {[%clk 00:44:27]} {[%emt 00:00:14]} Kxh4 {[%clk
00:14:23]} {[%emt 00:00:14]} 0-1